El mataplan : (Record no. 183591)

MARC details
000 -LEADER
campo de control de longitud fija 00948nam a2200205 i 4500
001 - NÚMERO DE CONTROL
campo de control 183591
003 - IDENTIFICADOR DE NÚMERO DE CONTROL
campo de control ES-MaACL
005 - FECHA Y HORA DE LA ÚLTIMA TRANSACCIÓN
campo de control 20250826055615.0
008 - DATOS DE LONGITUD FIJA--INFORMACIÓN GENERAL
campo de control de longitud fija 140725s1844 sp |||| | spa d
080 ## - NÚMERO DE LA CLASIFICACIÓN DECIMAL UNIVERSAL
Número de la Clasificación Decimal Universal 61:37(460)
100 1# - ENTRADA PRINCIPAL--NOMBRE DE PERSONA
Nombre de persona Martínez López, Luciano.
9 (RLIN) 155095
245 13 - MENCIÓN DEL TÍTULO
Título El mataplan :
Resto del título llamado vulgarmente el plan monstruo médico, o sea defensorio de doctores romancistas y de prácticos matistas /
Mención de responsabilidad, etc. por una sociedad de apasionados al plan, bajo la dirección del licenciado en Medicina D. Luciano Martínez López.
260 ## - PUBLICACIÓN, DISTRIBUCIÓN, ETC.
Lugar de publicación, distribución, etc. [S.l.] :
Nombre del editor, distribuidor, etc. [s.n.],
Fecha de publicación, distribución, etc. 1844 (
Lugar de fabricación/manufactura Madrid :
Fabricante Imp. del Boletín de Medicina)
300 ## - DESCRIPCIÓN FÍSICA
Extensión 43 p. ;
Dimensiones 19 cm.
530 ## - NOTA DISPONIBLE DE FORMULARIO FÍSICO ADICIONAL
Nota de formato físico adicional disponible Disponible en formato digital.
650 #7 - PUNTO DE ACCESO ADICIONAL DE MATERIA--TÉRMINO DE MATERIA
Término de materia o nombre geográfico como elemento de entrada Medicina-
Subdivisión general Estudio y enseñanza-
Subdivisión geográfica España
Fuente del encabezamiento o término
9 (RLIN) 151425
852 ## - LOCALIZACIÓN
Ubicación ES-MaACL
Número de control de estantería R-1365(5)
Nota libre .- Donat. Mateo Seoane
856 41 - LOCALIZACIÓN Y ACCESO ELECTRÓNICOS
Identificador Uniforme de Recursos <a href="http://bdh-rd.bne.es/viewer.vm?id=0000083353&page=1 ">http://bdh-rd.bne.es/viewer.vm?id=0000083353&page=1 </a>
Nota pública Biblioteca Digital Hispánica
Holdings
Estatus retirado Estado de pérdida Estado de daño No para préstamo Colección Biblioteca de origen Biblioteca actual Ubicación en estantería Fecha de adquisición Fuente de adquisición Total de préstamos Signatura topográfica completa Código de barras Visto por última vez Precio de reemplazo Tipo de ítem Koha
        Colección digital Biblioteca del Ateneo de Madrid Biblioteca del Ateneo de Madrid Depósito 25/07/2014     R-1365(5) 1192973 23/02/2023 23/02/2023 Libro impreso antiguo